| LEADER | 00958cam a2200193 7i4500 | ||
|---|---|---|---|
| 001 | 0000022500 | ||
| 005 | 20090403090000.0 | ||
| 020 | 0 | 0 | |a 967-70-1194-4 |
| 090 | 0 | 0 | |a T 382.7 |b MAL (M) |
| 245 | 0 | 4 | |a The Malaysian trade classification and customs duties order 2009 : |b import duties, export duties, sales tax, import licence (AP), export licence (AP) : |b import duties, export duties, sales tax, import licence (AP), export licence (AP) : |b all amendments up to 14 February 2009 including 2009 budget amendments. |
| 260 | 0 | 0 | |a Kuala Lumpur: |b MDC Publishers, |c 2009. |
| 300 | # | # | |a 840 p. |
| 650 | 0 | 0 | |a Tariff -- |z Malaysia |
| 651 | 0 | 0 | |a Malaysia |
| 999 | |a JHR000126B |b Book |c Tariffs |e MATRADE Southern Regional Office | ||
| 999 | |a PNG000834B |b Book |c Tariffs |e MATRADE Northern Regional Office | ||
| 999 | |a SBH000804B |b Book |c Tariffs |e MATRADE Sabah | ||
| 999 | |a SRW000231B |b Book |c Tariffs |e MATRADE Sarawak | ||
| 999 | |a TRG000115B |b Book |c Tariffs |e MATRADE Eastern Regional Office | ||


